000 00903nam a2200253 a 4500
001 000025352
005 20211111120944.0
008 110215s2003 dr a 000 0 spa d
020 _a9993489840
040 _aDO-SdBNP
_bspa
_cBNPHU
082 _a972.9383
_bR758
245 0 0 _aLa Romana.
260 _aSanto Domingo :
_bBanreservas,
_c2003.
300 _a80 p. :
_bil. ;
_c27 cm.
490 1 _aFragmentos Patria
504 _aBibliografía : p. 78-80
651 0 _aLa Romana (República Dominicana)
_945329
651 4 _aLa Romana (República Dominicana{Rpara}
_xAspectos Culturales
_951916
651 4 _aSan Pedro De Macorís (República Dominicana{Rpara}
_xDescripciones Y Viajes
_951898
651 4 _aLa Romana (República Dominicana{Rpara}
_xVida Social Y Costumbres
_938004
650 4 _aCiudades y pueblos
_zRepública Dominicana
_9784
830 0 _aFragmentos Patrias
_951917
049 _aBNPD
999 _c24844
_d24844